Responses for show #7781 - Monday, June 11, 2018

Contestants

[<< previous game]

Catherine Ono, a software developer from Santa Clara, California

Tracey Lazareth, a teacher and librarian from Mississauga, Ontario, Canada

David Kleinman, a student from Sharon, Massachusetts (whose 1-day cash winnings total $31,600)

[next game >>]

Jeopardy! Round responses

AROUND THE U.S.A.
TV QUOTES
TEDDY BEARS
LITERARY SONS & DAUGHTERS
THE ITALIAN JOB
MONDAY IS FUN DAY
    $200 16
Rocky

Tracey
    $200 10
Sesame Street

Tracey
    $200 24
(Alex: Less than a minute now.)

Mickey Mouse

David
    $200 4
Harry Potter

Tracey
    $200 29
cook

David
    $200 11
Labor Day

Tracey
    $400 17
Helena

Tracey
    $400 9
Mad Men

Tracey
    $400 23
corduroy

Tracey
    $400 5
The Brothers Karamazov

Catherine
    $400 28
a priest

Triple Stumper
    $400 12
Cyber Monday

David
    $600 18
(David: What is Texas?)

New Mexico

DavidCatherine
    $1,000 1
"Winter is here"

David
    $600 20
Mr. Bean

David
    $600 6
Miranda

David
    $600 26
baker

David
    $600 13
The Mamas & the Papas

Tracey
    $800 19
the Chesapeake

David
    $800 2
Better Call Saul

David
    $800 21
Build-A-Bear

Tracey
    $800 7
You Only Live Twice

Triple Stumper
    $800 25
sailor

David
    $800 14
Kisses

Catherine
    $1000 30
(David: What is Yosemite?)

Grand Teton

DavidCatherine
    $1000 3
a break

Tracey
    $1000 22
fabric softener

Catherine
    $1000 8
Bonnie Blue

Triple Stumper
    $1000 27
(David: What is poet?)

painter

David
Triple Stumper
    $1000 15
(David: What are saints?)

angels

DavidCatherine

Scores at the first commercial break (after clue 15):

David Tracey Catherine
$1,800 $2,600 $2,200

Scores at the end of the Jeopardy! Round:

David Tracey Catherine
$2,400 $4,400 $4,800

Double Jeopardy! Round responses

INSTANT GRATIFICATION
BEST SONG OSCARS
NOTABLE AMERICAN WOMEN
"C" IT NOW
SCIENCE & TECHNOLOGY BOOKS
OBLAST FROM THE PAST
    $400 16
(David: What is tea?)

coffee

DavidCatherine
    $400 14
"Que Sera, Sera"

David
    $400 8
Harriet Tubman

David
    $400 2
a cab

David
    $400 21
Star Wars

Catherine
    $400 26
(Alex: Less than a minute now.)

Leningrad

Catherine
    $800 15
AOL

David
    $800 17
"My Heart Will Go On"

David
    $800 10
Georgia O'Keeffe

Catherine
    $800 3
campus

Catherine
    $800 22
the Loch Ness Monster

David
    $800 27
Molotov cocktails

Catherine
    $1200 6
an eye

David
    $1200 18
(David: What is "Singin' In The Rain"?)

"Somewhere Over The Rainbow"

DavidTracey
    $1200 11
(Rachel) Carson

Catherine
    $1200 1
creme brulee

Tracey
    $1200 23
the International Space Station

Catherine
    $1200 28
Japan

Triple Stumper
    $1600 7
an Instant Pot

Catherine
    $1600 19
Doctor Dolittle

Tracey
    $1600 12
Margaret Sanger

Tracey
    $1600 4
in camera

Tracey
    $3,000 24
sleep

Catherine
    $1600 29
iron ore

Triple Stumper
    $2000 9
(Alex: "An Occurrence at [*]".)

Owl Creek Bridge

Catherine
    $2000 20
The Poseidon Adventure

Tracey
    $2,000 13
(Alex: Tracey?)
(Tracey: Who is... Dorothy Parker?)

Gertrude Stein

Tracey
    $2000 5
a cutlass

David
    $2000 25
(David: What is a program?)

algorithms

DavidCatherine
    $2000 30
(Catherine: What is Finland?)

Poland

DavidCatherine

Scores at the end of the Double Jeopardy! Round:

David Tracey Catherine
$7,600 $11,600 $17,400

[wagering suggestions for these scores]

Final Jeopardy! Round responses

BRASS INSTRUMENTS
DavidWhat is a trombone?
$7,598
TraceyWhat is a trombone?
$0
CatherineWhat is a trombone?
$5,801
a trombone

Final scores:

David Tracey Catherine
$15,198 $11,600 $23,201
2nd place: $2,000 3rd place: $1,000 New champion: $23,201

Game dynamics:

Coryat scores:

David Tracey Catherine
$7,200 $13,600 $16,000
19 R
(including 1 DD),
7 W
16 R,
1 W
(including 1 DD)
18 R
(including 1 DD),
1 W

Combined Coryat: $36,800

The J! Archive is created by fans, for fans. The Jeopardy! game show and all elements thereof, including but not limited to copyright and trademark thereto, are the property of Jeopardy Productions, Inc. and are protected under law. This website is not affiliated with, sponsored by, or operated by Jeopardy Productions, Inc. Join the discussion at JBoard.tv.